000 00545pab a2200181 454500
008 180718b2008 xxu||||| |||| 00| 0 eng d
100 _aBen-Ner, Avner
245 _aReducing the negative consequences of identity: a potential role for the nonprofit sector in the era of globalization
260 _c2008
300 _ap.579-600.
362 _aSep-Dec
650 _aGlobalization
650 _aNonprofit organizations
700 _aHill, Claire A.
773 _aAnnals of Public and Cooperative Economics
908 _aN
909 _a79595
999 _c79595
_d79595